Catalog

Record Details

Catalog Search



Life, work and sermons of Dwight. L. Moody : the great evangelist Cover Image Book Book

Life, work and sermons of Dwight. L. Moody : the great evangelist edited by Richard B. Cook

Cook, Richard B. (Author).

Record details

  • Physical Description: 510 p.
  • Publisher: Baltimore R. H. Woodward Company 1900

Available copies

  • 1 of 1 copy available at Common Catalog SPOK.

Holds

  • 0 current holds with 1 total copy.
Show Only Available Copies
Location Call Number / Copy Notes Barcode Shelving Location Status Due Date
ETS Library 922.5 424470000306 Volný výběr Available -

LDR 00664nam a2 00217
00141188
003CZ-PrJAB
00520031125000000.0
008020121s1900 xxu e |||| |eng
009us
035 . ‡a(CONS)5405
035 . ‡aKPS1188
041 . ‡aeng
08214. ‡a922.5
100 . ‡74026 ‡aCook, Richard B.
245 . ‡aLife, work and sermons of Dwight. L. Moody : ‡bthe great evangelist ‡cedited by Richard B. Cook
260 . ‡aBaltimore ‡bR. H. Woodward Company ‡c1900
300 . ‡a510 p.
653 . ‡aLife, work and sermons of Dwight. L. Moody ‡athe great evangelist
8524 . ‡bETS ‡bETS ‡cVolný výběr ‡j922.5 ‡gE ‡p424470000306
910 . ‡aABG450
999 . ‡a5405 ‡bAUTOGEN ‡c5405 ‡tbiblio
905 . ‡uadmin
901 . ‡a41188 ‡b ‡c41188 ‡tbiblio ‡sets

Additional Resources